000 00272nam a2200109Ia 4500
001 588788
005 20250717120837.0
008 250717s9999 xx 000 0 und d
245 0 _aV-13 TAYYAR RAHİME
_cİSMAİL BİLGİN
260 _bTİMAŞ YAYINLARI
_c2018
300 _b93
999 _c588788
_d588788